UBT Library

Orchids for everyone : (Record no. 41318)

000 -LEADER
fixed length control field 00681pam a2200217 i 4500
001 - CONTROL NUMBER
control field 2281387
005 - DATE AND TIME OF LATEST TRANSACTION
control field 20180131033753.0
008 - FIXED-LENGTH DATA ELEMENTS--GENERAL INFORMATION
fixed length control field 790810s1980 nyua b 001 0 eng
010 ## - LIBRARY OF CONGRESS CONTROL NUMBER
LC control number 79020021
020 ## - INTERNATIONAL STANDARD BOOK NUMBER
International Standard Book Number 0517539896
040 ## - CATALOGING SOURCE
Original cataloging agency DLC
Transcribing agency DLC
Modifying agency DLC
041 ## - LANGUAGE CODE
Language code of text/sound track or separate title eng
080 ## - UNIVERSAL DECIMAL CLASSIFICATION NUMBER
Universal Decimal Classification number 635.93415 WIL
082 00 - DEWEY DECIMAL CLASSIFICATION NUMBER
Classification number 635.93415 WIL
100 ## - Rafti
Rafti 9
101 ## - Shkurtesa
Shkurtesa MJE
245 00 - TITLE STATEMENT
Title Orchids for everyone :
Statement of responsibility, etc principal author, Brian Williams ; consultant, Jack Kramer.
504 ## - BIBLIOGRAPHY, ETC. NOTE
Bibliography, etc Bibliography: p. 200-201.
906 ## - LOCAL DATA ELEMENT F, LDF (RLIN)
a 7
b cbc
c orignew
d 1
e ocip
f 19
g y-gencatlg
942 ## - ADDED ENTRY ELEMENTS (KOHA)
Source of classification or shelving scheme
Item type Books
Holdings
Withdrawn status Lost status Source of classification or shelving scheme Damaged status Not for loan Collection code Permanent location Current location Shelving location Date acquired Total Checkouts Full call number Barcode Date last seen Price effective from Koha item type
          Koleksioni i përgjithshem UBT - Lipjan UBT - Lipjan Koleksioni i përgjithshem 01/31/2018   635.93415 WIL 002-2996797 01/31/2018 01/31/2018 Books
UBT Library © 2015-2024. All rights reserved University Education for Business and Technology